Aventures de l'esprit /

Guardat en:
Dades bibliogràfiques
Autor principal: Barney, Natalie Clifford (Autor)
Altres autors: Barasc, Katy
Format: Llibre
Idioma:francès
Publicat: Paris : Persona, c1982,
Col·lecció:Collection Memoire
Etiquetes: Afegir etiqueta
Sense etiquetes, Sigues el primer a etiquetar aquest registre!

MARC

LEADER 00000nam a22000007i 4500
001 IT\ICCU\UBO\2307552
003 ItRI
005 20260115231840.0
008 031002s1982 fr |||||| ||||| |||||c
020 |a 2903669104 
040 |b ita  |c importazione bologna sebina 
041 7 |a fre  |2 ISO-639-2 
100 1 |a Barney, Natalie Clifford  |0 IT\ICCU\NAPV\083879  |4 aut 
245 1 0 |a Aventures de l'esprit /  |c Natalie Clifford-Barney ; preface de Katy Barasc. 
260 |a Paris :  |b Persona,  |c c1982,  |g (stampa 1983) 
300 |a 215 p. ;  |c 21 cm. 
700 1 |a Barasc, Katy  |0 IT\ICCU\UBOV\834247 
790 1 |a Clifford Barney, Natalie  |3 IT\ICCU\VEAV\051403  |z Barney, Natalie Clifford 
830 0 |a Collection Memoire  |0 IT\ICCU\UBO\2307571 
942 |2 ddc  |c BK  |n 0 
952 |0 0  |1 0  |4 0  |6 L_848_912000000000000_BAR  |7 0  |9 14182  |a BO  |b BO  |d 2026-01-15  |i 2055  |l 0  |o L 848.912 BAR  |p BO2055  |r 2026-01-15 23:18:40  |w 2026-01-15  |x [Sebina 5] [1 v.]  |y BK  |z 1 v. 
999 |c 12236  |d 12236